[Event "De los Reyes op 21st"]
[Site "De los Reyes"]
[Date "2019.12.01"]
[Round "2"]
[White "Raskin Calvo, Maximilian"]
[Black "Campos Rodriguez, Alvaro"]
[Result "0-1"]
[WhiteElo "1264"]
[BlackElo "1691"]
[PlyCount "78"]
[EventDate "2019.11.30"]
[EventType "swiss"]
[EventRounds "9"]
[EventCountry "ESP"]
[SourceTitle "CBM 193 Extra"]
[Source "ChessBase"]
[SourceDate "2020.01.31"]
[SourceVersion "1"]
[SourceVersionDate "2020.01.31"]
[SourceQuality "1"]

1. e4 c5 2. Nf3 Nc6 3. Nc3 a6 4. d4 cxd4 5. Nxd4 e6 6. Nf3 Bc5 7. Bc4 b5 8. Bb3 Bb7 9. 0-0 Na5 10. a3 Nxb3 11. cxb3 Ne7 12. b4 Ba7 13. Qd6 Bb8 14. Qd4 0-0 15. Rd1 d6 16. e5 Bxf3 17. gxf3 Nf5 18. Qe4 Bc7 19. exd6 Bxd6 20. Bf4 Qe7 21. Bxd6 Nxd6 22. Qe5 Nc4 23. Qe2 Qf6 24. Rd3 Ne5 25. Re3 Ng6 26. Ne4 Qh4 27. Ng3 Nf4 28. Qf1 Qf6 29. Rb1 Rac8 30. Ne4 Qg6+ 31. Ng3 Rfd8 32. Kh1 Rc2 33. Ne4 Rxb2 34. Rc1 h6 35. Qg1 Qxg1+ 36. Rxg1 Nh3 37. Rg2 Rd1+ 38. Re1 Rxe1+ 39. Rg1 Rxg1# 0-1

[Event "Madrid Tajamar Easter op-B"]
[Site "Madrid"]
[Date "2018.03.22"]
[Round "1"]
[White "Campos Rodriguez, Alvaro"]
[Black "Palacios Sanchez, Victor"]
[Result "1-0"]
[WhiteElo "1686"]
[BlackElo "1396"]
[PlyCount "45"]
[EventDate "2018.03.22"]
[EventType "swiss"]
[EventRounds "7"]
[EventCountry "ESP"]
[SourceTitle "EXT 2019"]
[Source "ChessBase"]
[SourceDate "2018.10.10"]
[SourceVersion "1"]
[SourceVersionDate "2018.10.10"]
[SourceQuality "1"]

1. e4 c5 2. d4 cxd4 3. Nf3 Nc6 4. c3 d5 5. exd5 Qxd5 6. cxd4 Bg4 7. Nc3 Qd7 8. d5 Rd8 9. dxc6 Qxd1+ 10. Nxd1 bxc6 11. Ne3 Bxf3 12. gxf3 e6 13. Bd2 Nf6 14. 0-0-0 Nd5 15. Nxd5 cxd5 16. Bb5+ Ke7 17. Kb1 Kf6 18. Bc3+ e5 19. f4 d4 20. fxe5+ Kxe5 21. Rhe1+ Kf4 22. Bxd4 a5 23. Be3+ 1-0